000 00830nam a2200205 i 4500
001 165811
003 ES-MaACL
005 20250716025403.0
008 991011s1876 fr |||| | fre d
040 _aCAM
_bspa
_cCAM
100 1 _aStrauss, David Friedrich.
_9108397
245 1 0 _aVoltaire /
_csix conférences de David-Frédéric Strauss; ouvrage traduit de l'allemand sur la troisième édition par Louis Narval; et précédé d'une lettre-préface du traducteur a M.E. Littré.
260 _aParis :
_bC. Reinwald et C\pie\s,
_c1876 (
_ftypographie Paul Schmidt)
300 _aXXX, 392 p. ;
_c22 cm.
600 0 4 _aVoltaire,
_d1694-1778
_9115721
700 1 _aNarval, Louis.
_9130397
700 1 _aLittré, Émile,
_d1801-1881
_9128979
852 _aES-MaACL
_jF-10444
_z-- Enc. pasta
999 _c165811
_d165811